000 00931nab a2200277 a 4500
005 20210219162052.0
008 991125s1985 mx 000 0 spa u
035 _aUPN01000197159
049 _aART
100 1 _aFerreira Villa, Camino
100 1 _ucamino.ferreira@unileon.es
222 _aREVISTA DE INVESTIGACION EDUCATIVA
245 _aLa atención a los estudiantes con discapacidad en las instituciones de educación superior : el caso de Cataluña
260 _aMurcia, España
300 _a139-157
362 0 _a2014 Vol. 32, no. 1, ene.
653 0 _aESTUDIANTES DISCAPACITADOS
653 0 _aEDUCACION SUPERIOR
653 0 _aCATALUÑA, ESPAÑA
700 1 _aVieira Aller, María José,
_ecoaut.
700 1 _umaria.vieira@unileon.es
700 1 _aVidal García, Javier,
_ecoaut.
700 1 _ujavier.vidal@unileon.es
856 1 _uhttp://revistas.um.es/rie/article/view/171711
905 _aArticulo
999 _c169260
_d169260